000 00803cam a2200277 4500
008 090401t1989 xxu||||| |||| 00| 0 eng d
020 _a0906182441
035 _a(Sirsi) u18162
041 _aeng
050 _a690.24
100 _aWatson, Norman
245 _aMaintenance of system buildings:example guidance notes: the maintenance and repair of Vic Hallam Derwent buildings
260 _aKingston upon Thames
_bBM1
_c1989
300 _a95p. : ill. ; 30cm.
350 _a0
490 _aSerial
_v180:BM1 Special Report
520 _aNotes originally prepared for Nottinghamshire County Council .
650 _aBMI
650 _aDERWENT SYSTEM
650 _aPREFABRICATION
650 _aREPAIRS
650 _aSCHOOLS
650 _aSYSTEM-BUILT
942 _n0
948 _c04/03/1997
999 _c87573
_d87573